[Event "DEN-chT 2223 60th"]
[Site "Denmark"]
[Date "2023.01.15"]
[Round "6.2"]
[White "Hansen, Mads Smith"]
[Black "Liu, Casper Yukun"]
[Result "0-1"]
[WhiteElo "2375"]
[BlackElo "2317"]
[PlyCount "86"]
[EventDate "2022.10.29"]
[EventType "team-tourn"]
[EventRounds "9"]
[EventCountry "DEN"]
[SourceTitle "CBM 213 Extra"]
[Source "ChessBase"]
[SourceDate "2023.05.31"]
[SourceVersion "1"]
[SourceVersionDate "2023.05.31"]
[SourceQuality "1"]
[WhiteTeam "Obro"]
[BlackTeam "BMS"]
[WhiteTeamCountry "DEN"]
[BlackTeamCountry "DEN"]

1. e4 c6 2. d4 d5 3. Nc3 dxe4 4. Nxe4 Nf6 5. Ng3 h5 6. h4 e5 7. Nf3 exd4 8. Bc4 Bg4 9. Qxd4 Bd6 10. Bg5 Bxf3 11. Qe3+ Qe7 12. Qxe7+ Bxe7 13. gxf3 Nbd7 14. 0-0-0 Ne5 15. Nf5 Nxc4 16. Rhe1 0-0 17. Rxe7 Nd5 18. Rxb7 Rfb8 19. Rxb8+ Rxb8 20. b3 Ne5 21. Bd2 g6 22. c4 gxf5 23. cxd5 cxd5 24. Bc3 Nxf3 25. Rxd5 Nxh4 26. Bf6 Ng6 27. Rxf5 h4 28. Rh5 Rb4 29. Bc3 Rf4 30. Be1 Rf3 31. Kd1 h3 32. Ke2 Rxb3 33. axb3 Nf4+ 34. Kf3 Nxh5 35. Ba5 f5 36. Bc7 f4 37. b4 a6 38. Bb8 Kf7 39. Ba7 Ke6 40. Bb8 Kd5 41. Bc7 Kc4 42. Bd6 Kd3 43. Bc5 Kd2 0-1

[Event "DEN-ch"]
[Site "Svendborg"]
[Date "2018.03.31"]
[Round "8"]
[White "Hansen, Mads Smith"]
[Black "Skytte, Rasmus"]
[Result "0-1"]
[WhiteElo "2377"]
[BlackElo "2393"]
[PlyCount "64"]
[EventDate "2018.03.24"]
[EventType "tourn"]
[EventRounds "9"]
[EventCountry "DEN"]
[EventCategory "7"]
[SourceTitle "CBM 183 Extra"]
[Source "ChessBase"]
[SourceDate "2018.04.19"]
[SourceVersion "1"]
[SourceVersionDate "2018.04.19"]
[SourceQuality "1"]

1. e4 c6 2. d4 d5 3. e5 c5 4. dxc5 e6 5. a3 Bxc5 6. b4 Bb6 7. Qg4 g6 8. Nf3 Nc6 9. Bd3 Bd7 10. Nbd2 Nh6 11. Qh3 Nf5 12. Bb2 Ncd4 13. 0-0 Rc8 14. g4 Nxf3+ 15. Nxf3 Ne7 16. Qh6 Ba4 17. Bc1 d4 18. Ng5 Rxc2 19. Qg7 Kd7 20. Qxf7 Qg8 21. Bxc2 Bxc2 22. Qf3 Qc8 23. Nf7 Rg8 24. Nd6 Rf8 25. Qh3 Qc6 26. Bg5 h5 27. Bxe7 Kxe7 28. f3 d3+ 29. Kg2 d2 30. Rad1 Bxd1 31. Rxd1 Qc2 32. Qh4+ Kd7 0-1

[Event "DEN-ch"]
[Site "Svendborg"]
[Date "2018.03.30"]
[Round "7"]
[White "Bjerre, Jonas Buhl"]
[Black "Hansen, Mads Smith"]
[Result "1-0"]
[WhiteElo "2379"]
[BlackElo "2377"]
[PlyCount "79"]
[EventDate "2018.03.24"]
[EventType "tourn"]
[EventRounds "9"]
[EventCountry "DEN"]
[EventCategory "7"]
[SourceTitle "CBM 183 Extra"]
[Source "ChessBase"]
[SourceDate "2018.04.19"]
[SourceVersion "1"]
[SourceVersionDate "2018.04.19"]
[SourceQuality "1"]

1. e4 e5 2. Nf3 Nc6 3. Bc4 Nf6 4. d3 h6 5. 0-0 d6 6. c3 g5 7. Be3 Bg7 8. Nbd2 0-0 9. d4 exd4 10. Nxd4 Ne5 11. Bb3 Neg4 12. Re1 c5 13. N4f3 Re8 14. h3 Nxe3 15. Rxe3 Be6 16. Nc4 Bf8 17. a4 Qc7 18. Qc2 Rad8 19. Ncd2 d5 20. exd5 Nxd5 21. Ree1 Bg7 22. Rad1 a6 23. Bc4 Qc6 24. Ne5 Bxe5 25. Rxe5 Nf4 26. Bf1 c4 27. Ne4 Bd5 28. Rxe8+ Rxe8 29. f3 Bxe4 30. fxe4 Rxe4 31. Qf2 Qxa4 32. Rd8+ Kg7 33. Rd4 Qc6 34. Bxc4 b5 35. Bd5 Nxd5 36. Rxe4 Nf4 37. Re1 Kg6 38. Kh2 h5 39. g3 Ne6 40. Rf1 1-0

[Event "DEN-ch"]
[Site "Svendborg"]
[Date "2018.03.26"]
[Round "3"]
[White "Rasmussen, Allan Stig"]
[Black "Hansen, Mads Smith"]
[Result "1-0"]
[WhiteElo "2538"]
[BlackElo "2377"]
[PlyCount "71"]
[EventDate "2018.03.24"]
[EventType "tourn"]
[EventRounds "9"]
[EventCountry "DEN"]
[EventCategory "7"]
[SourceTitle "CBM 183 Extra"]
[Source "ChessBase"]
[SourceDate "2018.04.19"]
[SourceVersion "1"]
[SourceVersionDate "2018.04.19"]
[SourceQuality "1"]

1. d4 Nf6 2. c4 e6 3. Nf3 d5 4. g3 Be7 5. Bg2 0-0 6. 0-0 dxc4 7. Qc2 c6 8. Qxc4 b5 9. Qb3 Bb7 10. Be3 Nbd7 11. Rc1 Nd5 12. Nbd2 a5 13. a3 h6 14. Ne4 Qb8 15. Bd2 Rd8 16. Qc2 b4 17. axb4 axb4 18. Rxa8 Qxa8 19. Ne1 Qa2 20. Nd3 Ba6 21. b3 Qxc2 22. Rxc2 Bb5 23. Bf3 Ra8 24. Nf4 Ra1+ 25. Kg2 Rb1 26. Ra2 Rxb3 27. Ra8+ Kh7 28. Ra7 N7b6 29. Nc5 Rb2 30. Bc1 Bxc5 31. dxc5 Nxf4+ 32. gxf4 Nc4 33. Bxb2 Nxb2 34. Rxf7 Na4 35. Be4+ Kg8 36. Bg6 1-0

[Event "DEN-ch"]
[Site "Svendborg"]
[Date "2018.03.25"]
[Round "2"]
[White "Hansen, Mads Smith"]
[Black "Percivaldi, Martin"]
[Result "1-0"]
[WhiteElo "2377"]
[BlackElo "2406"]
[PlyCount "61"]
[EventDate "2018.03.24"]
[EventType "tourn"]
[EventRounds "9"]
[EventCountry "DEN"]
[EventCategory "7"]
[SourceTitle "CBM 183 Extra"]
[Source "ChessBase"]
[SourceDate "2018.04.19"]
[SourceVersion "1"]
[SourceVersionDate "2018.04.19"]
[SourceQuality "1"]

1. c4 Nf6 2. Nc3 e5 3. g3 Bb4 4. Bg2 Bxc3 5. bxc3 d6 6. Rb1 Nbd7 7. e4 0-0 8. Ne2 a6 9. Qc2 Re8 10. d3 Rb8 11. 0-0 b5 12. cxb5 axb5 13. h3 c6 14. f4 Nb6 15. g4 Nfd7 16. Ng3 Nf8 17. f5 d5 18. g5 dxe4 19. Nxe4 Qc7 20. Qf2 Nd5 21. c4 bxc4 22. Rxb8 Qxb8 23. dxc4 Nb4 24. Rd1 Qa8 25. a3 Qa4 26. Rd2 Na6 27. Nd6 Rd8 28. Qb6 Rxd6 29. Rxd6 Bxf5 30. Rd8 Qxc4 31. Rxf8+ 1-0

[Event "EU-ch rapid"]
[Site "Katowice"]
[Date "2017.12.17"]
[Round "9"]
[White "Hansen, Mads Smith"]
[Black "Stupak, Kirill"]
[Result "0-1"]
[WhiteElo "2347"]
[BlackElo "2588"]
[PlyCount "48"]
[EventDate "2017.12.16"]
[EventType "swiss (rapid)"]
[EventRounds "11"]
[EventCountry "POL"]
[SourceTitle "CBM 182 Extra"]
[Source "ChessBase"]
[SourceDate "2018.02.23"]
[SourceVersion "1"]
[SourceVersionDate "2018.02.23"]
[SourceQuality "1"]

1. e4 e6 2. d4 d5 3. Nc3 Bb4 4. exd5 Qxd5 5. Nf3 b6 6. Bd3 Ba6 7. 0-0 Bxc3 8. bxc3 Nf6 9. Bxa6 Nxa6 10. a4 0-0 11. Qd3 Qb7 12. Re1 c5 13. Bf4 Rac8 14. Be5 cxd4 15. Bxf6 gxf6 16. Nxd4 Kh8 17. Qh3 Rg8 18. Re3 Nc5 19. Rae1 Nxa4 20. Rf3 Rxc3 21. Ree3 Rxe3 22. fxe3 Rg6 23. Qh5 Nc5 24. Qh4 Qe4 0-1

[Event "EU-ch rapid"]
[Site "Katowice"]
[Date "2017.12.17"]
[Round "8"]
[White "Krumina, Linda"]
[Black "Hansen, Mads Smith"]
[Result "0-1"]
[WhiteElo "2134"]
[BlackElo "2347"]
[PlyCount "68"]
[EventDate "2017.12.16"]
[EventType "swiss (rapid)"]
[EventRounds "11"]
[EventCountry "POL"]
[SourceTitle "CBM 182 Extra"]
[Source "ChessBase"]
[SourceDate "2018.02.23"]
[SourceVersion "1"]
[SourceVersionDate "2018.02.23"]
[SourceQuality "1"]

1. d4 Nf6 2. c4 d6 3. Nc3 Nbd7 4. e4 e5 5. d5 Be7 6. Be2 0-0 7. Be3 c6 8. dxc6 bxc6 9. Qc2 Qc7 10. Rd1 a5 11. h3 Rb8 12. Nf3 Nc5 13. 0-0 Re8 14. b3 Bd7 15. Rd2 Red8 16. Rfd1 Be8 17. g3 Bd7 18. Bf1 Be6 19. Bg2 h6 20. Nh4 Bf8 21. Nf5 Kh7 22. g4 g6 23. Ng3 Nfd7 24. Nce2 Be7 25. f4 exf4 26. Bxf4 Ne5 27. Nd4 Bg5 28. Bxg5 hxg5 29. Rf2 a4 30. Qc3 axb3 31. axb3 Rd7 32. Nxe6 Nxe6 33. Kh1 Qb6 34. Rb1 Qxf2 0-1

[Event "EU-ch rapid"]
[Site "Katowice"]
[Date "2017.12.16"]
[Round "5"]
[White "Hansen, Mads Smith"]
[Black "Moranda, Wojciech"]
[Result "0-1"]
[WhiteElo "2347"]
[BlackElo "2593"]
[PlyCount "70"]
[EventDate "2017.12.16"]
[EventType "swiss (rapid)"]
[EventRounds "11"]
[EventCountry "POL"]
[SourceTitle "CBM 182 Extra"]
[Source "ChessBase"]
[SourceDate "2018.02.23"]
[SourceVersion "1"]
[SourceVersionDate "2018.02.23"]
[SourceQuality "1"]

1. e4 c5 2. Nc3 d6 3. f4 Nc6 4. Nf3 g6 5. Bc4 Bg7 6. 0-0 e6 7. d3 Nge7 8. Qe1 0-0 9. f5 gxf5 10. Qh4 f6 11. Be3 Kh8 12. Bb3 Na5 13. Rae1 Nxb3 14. axb3 e5 15. exf5 Nxf5 16. Qh5 Be6 17. Bd2 Qe8 18. Qxe8 Raxe8 19. Nb5 a6 20. Nc7 Re7 21. Nxe6 Rxe6 22. g4 Nd4 23. Nxd4 cxd4 24. c4 dxc3 25. bxc3 d5 26. Rf5 Kg8 27. d4 Rfe8 28. Ref1 a5 29. h4 b5 30. Ra1 Ra8 31. Kf2 a4 32. Kg3 Raa6 33. bxa4 bxa4 34. Bc1 Rec6 35. Ra3 Bf8 0-1

[Event "EU-ch blitz"]
[Site "Katowice"]
[Date "2017.12.15"]
[Round "18"]
[White "Hansen, Mads Smith"]
[Black "Oglaza, Oskar"]
[Result "0-1"]
[WhiteElo "2347"]
[BlackElo "2245"]
[PlyCount "66"]
[EventDate "2017.12.15"]
[EventType "swiss (blitz)"]
[EventRounds "22"]
[EventCountry "POL"]
[SourceTitle "CBM 182 Extra"]
[Source "ChessBase"]
[SourceDate "2018.02.23"]
[SourceVersion "1"]
[SourceVersionDate "2018.02.23"]
[SourceQuality "1"]

1. e4 c5 2. Nc3 e6 3. f4 a6 4. Nf3 b5 5. d3 Nc6 6. g4 d5 7. Bg2 b4 8. Ne2 dxe4 9. Ng5 Bb7 10. Ng3 exd3 11. cxd3 h6 12. N5e4 Nf6 13. 0-0 Nxe4 14. Bxe4 Be7 15. Be3 Qc7 16. Rc1 Rd8 17. Qf3 0-0 18. Kg2 Rxd3 19. Qe2 Rd7 20. Bxc5 Bxc5 21. Rxc5 Qb6 22. Rfc1 Nd4 23. Qe3 Bxe4+ 24. Nxe4 f5 25. gxf5 exf5 26. Ng3 Ne6 27. Re5 Qxe3 28. Rxe3 Nxf4+ 29. Kf3 Nd5 30. Re5 f4 31. Ne4 Ne3 32. Rc6 Rd1 33. Re7 Nf5 0-1

[Event "SWE-chT 1718 Elite"]
[Site "Sweden"]
[Date "2017.10.22"]
[Round "3.3"]
[White "Lindberg, Henrik"]
[Black "Hansen, Mads Smith"]
[Result "0-1"]
[WhiteElo "2229"]
[BlackElo "2393"]
[PlyCount "68"]
[EventDate "2017.10.20"]
[EventType "team-tourn"]
[EventRounds "9"]
[EventCountry "SWE"]
[SourceTitle "CBM 181 Extra"]
[Source "ChessBase"]
[SourceDate "2017.12.12"]
[SourceVersion "1"]
[SourceVersionDate "2017.12.12"]
[SourceQuality "1"]
[WhiteTeam "Upsala"]
[BlackTeam "Limhamn"]
[WhiteTeamCountry "SWE"]
[BlackTeamCountry "SWE"]

1. e4 e5 2. Nf3 Nc6 3. Bb5 a6 4. Ba4 Nf6 5. 0-0 Be7 6. Re1 b5 7. Bb3 0-0 8. c3 d6 9. h3 Na5 10. Bc2 c5 11. d4 Nd7 12. dxc5 dxc5 13. Nbd2 Bb7 14. Nf1 Nc4 15. Ng3 Nd6 16. h4 Qc7 17. Bg5 Rfe8 18. Nh2 Rad8 19. Qg4 Nf6 20. Bxf6 Bxf6 21. Nh5 Qe7 22. Nf1 g6 23. Nxf6+ Qxf6 24. Ne3 h5 25. Qg5 Nxe4 26. Bxe4 Qxg5 27. hxg5 Bxe4 28. Rad1 Bd3 29. f3 e4 30. f4 f6 31. gxf6 Rf8 32. g3 Rxf6 33. Nc2 h4 34. Rxe4 Rfd6 0-1

[Event "Barcelona Sants op-A18th"]
[Site "Barcelona"]
[Date "2016.08.26"]
[Round "8"]
[White "Hansen, Mads Smith"]
[Black "Ayza Leon, David"]
[Result "1-0"]
[WhiteElo "2344"]
[BlackElo "2215"]
[PlyCount "117"]
[EventDate "2016.08.19"]
[EventType "swiss"]
[EventRounds "10"]
[EventCountry "ESP"]
[SourceTitle "CBM 174 Extra"]
[Source "ChessBase"]
[SourceDate "2016.10.10"]
[SourceVersion "1"]
[SourceVersionDate "2016.10.10"]
[SourceQuality "1"]

1. e4 e5 2. Nf3 Nc6 3. Bb5 a6 4. Ba4 Nf6 5. 0-0 Be7 6. Re1 b5 7. Bb3 Bb7 8. d4 d6 9. c3 0-0 10. Nbd2 Nd7 11. Nf1 Na5 12. Bc2 c5 13. Ng3 g6 14. Bh6 Re8 15. d5 Nc4 16. b3 Ncb6 17. Nd2 Bg5 18. Bxg5 Qxg5 19. a4 bxa4 20. bxa4 a5 21. Bd3 Ba6 22. Bxa6 Rxa6 23. Qe2 Raa8 24. Reb1 Rec8 25. Ngf1 Qd8 26. Ne3 Qc7 27. Ndc4 Nxc4 28. Nxc4 Rcb8 29. Qc2 Ra7 30. Rxb8+ Qxb8 31. Rb1 Qc7 32. Qb3 Kf8 33. Qb5 Ke7 34. Qc6 Qxc6 35. dxc6 Nf6 36. Rb8 Rc7 37. Rb7 Kd8 38. f3 Rxb7 39. cxb7 Kc7 40. Nxd6 Nd7 41. Nc4 Kxb7 42. Nxa5+ Ka6 43. Nc4 f6 44. g4 Nb6 45. Nd6 Nxa4 46. Ne8 Nxc3 47. Nxf6 c4 48. Kf2 Kb5 49. Nd7 Na2 50. Ke2 Kb4 51. Nxe5 c3 52. Nd3+ Kc4 53. f4 c2 54. Kd2 Nc3 55. e5 Nd5 56. f5 gxf5 57. gxf5 Nc7 58. Nf4 Kc5 59. f6 1-0

[Event "Barcelona Sants op-A18th"]
[Site "Barcelona"]
[Date "2016.08.25"]
[Round "7"]
[White "Lin, Chen"]
[Black "Hansen, Mads Smith"]
[Result "1-0"]
[WhiteElo "2516"]
[BlackElo "2344"]
[PlyCount "89"]
[EventDate "2016.08.19"]
[EventType "swiss"]
[EventRounds "10"]
[EventCountry "ESP"]
[SourceTitle "CBM 174 Extra"]
[Source "ChessBase"]
[SourceDate "2016.10.10"]
[SourceVersion "1"]
[SourceVersionDate "2016.10.10"]
[SourceQuality "1"]

1. e4 e5 2. Nf3 Nc6 3. Bb5 a6 4. Ba4 Nf6 5. 0-0 Be7 6. d3 b5 7. Bb3 d6 8. a3 Na5 9. Ba2 c5 10. Bg5 Be6 11. Nc3 0-0 12. h3 Nc6 13. Bxf6 Bxf6 14. Nd5 g6 15. c3 Bg7 16. a4 Rb8 17. axb5 axb5 18. Ne3 Qd7 19. Bxe6 fxe6 20. Qb3 b4 21. Qc4 Rb6 22. Ng5 Re8 23. Nd5 Rb7 24. Ne3 Bh6 25. Nf3 Bxe3 26. fxe3 Nd8 27. Nh2 Rf8 28. Ng4 Rxf1+ 29. Rxf1 Kg7 30. d4 exd4 31. exd4 Qb5 32. Qa2 b3 33. Qa8 Rb8 34. Qa1 cxd4 35. Qa7+ Rb7 36. Qxd4+ e5 37. Qxd6 Qb6+ 38. Qxb6 Rxb6 39. Nxe5 Rb5 40. Rd1 Ne6 41. Rd5 Rb6 42. Rd7+ Kf6 43. Nd3 Ng5 44. Rd4 Ke7 45. Kf2 1-0

[Event "Barcelona Sants op-A18th"]
[Site "Barcelona"]
[Date "2016.08.22"]
[Round "4"]
[White "Hansen, Mads Smith"]
[Black "Kobo, Ori"]
[Result "1-0"]
[WhiteElo "2344"]
[BlackElo "2489"]
[PlyCount "53"]
[EventDate "2016.08.19"]
[EventType "swiss"]
[EventRounds "10"]
[EventCountry "ESP"]
[SourceTitle "CBM 174 Extra"]
[Source "ChessBase"]
[SourceDate "2016.10.10"]
[SourceVersion "1"]
[SourceVersionDate "2016.10.10"]
[SourceQuality "1"]

1. e4 e6 2. d4 d5 3. Nc3 Nf6 4. e5 Nfd7 5. f4 c5 6. Nf3 Be7 7. Be3 Nc6 8. Qd2 0-0 9. dxc5 Nxc5 10. 0-0-0 a6 11. Qf2 b6 12. Nd4 Bb7 13. Bd3 Nb4 14. Kb1 Qc7 15. Rhe1 Nbxd3 16. cxd3 f6 17. Qg3 b5 18. b4 Rfc8 19. bxc5 Qxc5 20. Nce2 Qb4+ 21. Ka1 Kf7 22. Qh3 f5 23. g4 Qa3 24. Bc1 Qa4 25. gxf5 Bb4 26. f6 Bc3+ 27. Bb2 1-0

[Event "Pardubice Czech op-A 27th"]
[Site "Pardubice"]
[Date "2016.07.29"]
[Round "8"]
[White "Hansen, Mads Smith"]
[Black "Kozionov, Kirill"]
[Result "1/2-1/2"]
[WhiteElo "2353"]
[BlackElo "2440"]
[PlyCount "100"]
[EventDate "2016.07.22"]
[EventType "swiss"]
[EventRounds "9"]
[EventCountry "CZE"]
[SourceTitle "CBM 173 Extra"]
[Source "ChessBase"]
[SourceDate "2016.08.29"]
[SourceVersion "1"]
[SourceVersionDate "2016.08.29"]
[SourceQuality "1"]

1. e4 d5 2. exd5 Qxd5 3. Nc3 Qd6 4. d4 Nf6 5. Nf3 g6 6. Nb5 Qb6 7. Na3 c6 8. Nc4 Qd8 9. Nce5 Bg7 10. Bc4 0-0 11. 0-0 Nd5 12. Bb3 Nd7 13. Ng4 Kh8 14. h3 N7f6 15. Nge5 Nd7 16. Nd3 Kg8 17. c4 Nc7 18. Re1 b6 19. a4 Bb7 20. Qe2 Re8 21. a5 c5 22. dxc5 bxc5 23. Ba4 Ne6 24. Be3 Rc8 25. Rad1 Nd4 26. Bxd4 Bxf3 27. Qxf3 cxd4 28. Rc1 e5 29. c5 Qc7 30. b4 Re7 31. c6 Nf6 32. Nc5 Rce8 33. Bc2 Rc8 34. Ba4 Rce8 35. Qd3 e4 36. Qc4 e3 37. fxe3 Bh6 38. Qxd4 Rxe3 39. Nd3 R8e6 40. Qh4 Kg7 41. Nc5 Re7 42. Rf1 Nd5 43. Rc4 Re2 44. Nd7 Be3+ 45. Kh1 Bf2 46. Qg5 Ne3 47. Qxe7 Qh2+ 48. Kxh2 Nxf1+ 49. Kh1 Ng3+ 50. Kh2 Nf1+ 1/2-1/2

[Event "DEN-chT 1516 54th"]
[Site "Denmark"]
[Date "2016.01.09"]
[Round "4.1"]
[White "Hector, Jonny"]
[Black "Hansen, Mads Smith"]
[Result "1-0"]
[WhiteElo "2493"]
[BlackElo "2356"]
[PlyCount "103"]
[EventDate "2015.10.31"]
[EventType "team-tourn"]
[EventRounds "9"]
[EventCountry "DEN"]
[SourceTitle "EXT 2018"]
[Source "ChessBase"]
[SourceDate "2017.10.13"]
[SourceVersion "1"]
[SourceVersionDate "2017.10.13"]
[SourceQuality "1"]
[WhiteTeam "Nordkalotten"]
[BlackTeam "Obro"]
[WhiteTeamCountry "DEN"]
[BlackTeamCountry "DEN"]

1. e4 e6 2. d4 d5 3. Nc3 Bb4 4. a3 Bxc3+ 5. bxc3 dxe4 6. Qg4 Nf6 7. Qxg7 Rg8 8. Qh6 Nbd7 9. Ne2 b6 10. Ng3 Bb7 11. a4 Rg6 12. Qd2 c5 13. Be2 Qc7 14. Qf4 Rc8 15. Qxc7 Rxc7 16. dxc5 Nxc5 17. a5 Bc6 18. Bf4 Rc8 19. c4 Na4 20. axb6 axb6 21. Be3 Ke7 22. Ra3 Rgg8 23. h4 Nd7 24. 0-0 Ra8 25. Rb1 Rgc8 26. Rab3 Ke8 27. Bd4 Ra5 28. Nh5 Ke7 29. Rg3 e5 30. Be3 Nac5 31. Bg5+ Kd6 32. Ng7 Rca8 33. Nf5+ Kc7 34. Be7 Ne6 35. Bh5 Ra1 36. Rxa1 Rxa1+ 37. Kh2 f6 38. Bf7 Nec5 39. Rg7 Rc1 40. Ne3 f5 41. Nxf5 Rxc2 42. Rxh7 Rxf2 43. Ne3 Nd3 44. Bh5 Nf4 45. Kg3 Rb2 46. Bd1 Rd2 47. Bg5 Kd6 48. Rh6+ Kc7 49. h5 Nf8 50. Bg4 Rd3 51. Bxf4 exf4+ 52. Kxf4 1-0

[Event "DEN-chT 1516 54th"]
[Site "Denmark"]
[Date "2015.10.31"]
[Round "1"]
[White "Jahncke, Giso"]
[Black "Hansen, Mads Smith"]
[Result "1-0"]
[WhiteElo "2285"]
[BlackElo "2356"]
[PlyCount "135"]
[EventDate "2015.10.31"]
[EventType "team-tourn"]
[EventRounds "9"]
[EventCountry "DEN"]
[SourceTitle "CBM 169 Extra"]
[Source "ChessBase"]
[SourceDate "2015.12.18"]
[SourceVersion "1"]
[SourceVersionDate "2015.12.18"]
[SourceQuality "1"]
[WhiteTeam "Bov"]
[BlackTeam "Obro"]
[WhiteTeamCountry "DEN"]
[BlackTeamCountry "DEN"]

1. d4 Nf6 2. c4 c5 3. d5 b5 4. Qc2 g6 5. e4 d6 6. Nf3 Bg7 7. cxb5 a6 8. Nc3 0-0 9. a4 Nbd7 10. Be2 axb5 11. Nxb5 Ba6 12. 0-0 Ne8 13. Bg5 h6 14. Bd2 Qb8 15. Bc3 Nc7 16. Bxg7 Kxg7 17. b4 Bxb5 18. axb5 cxb4 19. Nd4 Nc5 20. Nc6 Qb7 21. Qb2+ Kh7 22. Qxb4 Rxa1 23. Rxa1 Ra8 24. Rxa8 Nxa8 25. e5 Qc7 26. h4 Nb6 27. Qd4 h5 28. g4 hxg4 29. Bxg4 Nbd7 30. Qf4 Kg7 31. Bxd7 Nxd7 32. h5 Nxe5 33. h6+ Kh7 34. Nxe5 dxe5 35. Qxf7+ Kxh6 36. Qf8+ Kh7 37. Qf7+ Kh6 38. Kg2 Qc5 39. Qf8+ Kg5 40. b6 Qxd5+ 41. Qf3 e4 42. Qe3+ Kf5 43. f3 Ke6 44. fxe4 Qb5 45. Qh3+ Kd6 46. Qa3+ Ke6 47. Qa2+ Kd6 48. Qa3+ Ke6 49. Qe3 Kd7 50. Qh3+ Kd6 51. Qg3+ e5 52. Qxg6+ Kc5 53. Kg3 Kb4 54. Qd6+ Ka5 55. Kg4 Ka6 56. Kf5 Qe8 57. Qc7 Qh8 58. b7 Qh3+ 59. Kf6 Qh6+ 60. Ke7 Qh7+ 61. Kd6 Qh6+ 62. Kd7 Qh3+ 63. Kc6 Qc3+ 64. Kd6 Qd2+ 65. Ke7 Qg5+ 66. Kd7 Qg4+ 67. Kd6 Qd1+ 68. Ke7 1-0

[Event "DEN-chT 1415 53rd"]
[Site "Denmark"]
[Date "2014.12.14"]
[Round "3.1"]
[White "Hansen, Mads Smith"]
[Black "Fries Nielsen, Niels Jorgen"]
[Result "1-0"]
[WhiteElo "2378"]
[BlackElo "2329"]
[PlyCount "93"]
[EventDate "2014.10.25"]
[EventType "team-tourn"]
[EventRounds "9"]
[EventCountry "DEN"]
[SourceTitle "EXT 2016"]
[Source "ChessBase"]
[SourceDate "2015.10.08"]
[SourceVersion "1"]
[SourceVersionDate "2015.10.08"]
[SourceQuality "1"]
[WhiteTeam "Obro"]
[BlackTeam "Esbjerg"]
[WhiteTeamCountry "DEN"]
[BlackTeamCountry "DEN"]

1. c4 e5 2. Nc3 Nf6 3. g3 c6 4. Nf3 d6 5. d4 Nbd7 6. Bg2 Be7 7. 0-0 0-0 8. Qc2 Re8 9. Rd1 Qc7 10. b3 Bf8 11. Bb2 Rb8 12. Rac1 a5 13. c5 e4 14. cxd6 Bxd6 15. Ng5 e3 16. f4 Bxf4 17. gxf4 Qxf4 18. Nh3 Qh6 19. Qf5 g6 20. Qf4 Qg7 21. d5 Ne5 22. dxc6 bxc6 23. Ng5 Bf5 24. Nf3 Nh5 25. Qh4 Rb4 26. Rd8 Qf8 27. Rd4 Ng4 28. Ba3 c5 29. Bxb4 axb4 30. Rxg4 Bxg4 31. Qxg4 bxc3 32. Qc4 Qd6 33. Ng5 Re7 34. Qxc3 Nf4 35. Bf1 h6 36. Nf3 Qe6 37. Qxc5 Re8 38. Qc6 Qg4+ 39. Kh1 Re6 40. Qd7 Qf5 41. b4 g5 42. Qd4 Kh7 43. Qc5 Qe4 44. Kg1 Nd3 45. exd3 Qxf3 46. Bg2 Qg4 47. Qc4 1-0

[Event "Pardubice Czech op-A 25th"]
[Site "Pardubice"]
[Date "2014.07.20"]
[Round "3"]
[White "Hansen, Mads Smith"]
[Black "Marusenko, Petr"]
[Result "0-1"]
[WhiteElo "2350"]
[BlackElo "2207"]
[PlyCount "80"]
[EventDate "2014.07.18"]
[EventType "swiss"]
[EventRounds "9"]
[EventCountry "CZE"]
[SourceTitle "CBM 161 Extra"]
[Source "ChessBase"]
[SourceDate "2014.08.29"]
[SourceVersion "1"]
[SourceVersionDate "2014.08.29"]
[SourceQuality "1"]

1. e4 c6 2. d4 d5 3. e5 c5 4. c4 e6 5. Nf3 Nc6 6. cxd5 exd5 7. Nc3 cxd4 8. Nxd4 Bc5 9. Bb5 Nge7 10. Be3 Bb6 11. f4 0-0 12. Qd2 Nxd4 13. Bxd4 Bxd4 14. Qxd4 Nf5 15. Qd2 d4 16. Nd1 Qb6 17. Bd3 Ne3 18. Kf2 Bf5 19. Bxf5 Nxf5 20. Re1 Rac8 21. Kg1 d3+ 22. Kh1 Rfd8 23. Nc3 h5 24. Re4 h4 25. Rae1 Rc6 26. e6 Rxe6 27. Rxe6 fxe6 28. Ne4 h3 29. gxh3 Qc6 30. Kg1 Rd4 31. Ng5 Nh4 32. Re3 Qc2 33. Rxe6 Rd8 34. Re2 Qc5+ 35. Rf2 Re8 36. Kf1 Nf5 37. Nf3 Ne3+ 38. Kg1 Rd8 39. b4 Qb6 40. Ne5 Qd4 0-1

[Event "Copenhagen Obro New Year op"]
[Site "Copenhagen"]
[Date "2013.12.29"]
[Round "5"]
[White "Thuesen, Mogens Henrik"]
[Black "Hansen, Mads Smith"]
[Result "0-1"]
[WhiteElo "2229"]
[BlackElo "2364"]
[PlyCount "80"]
[EventDate "2013.12.27"]
[EventType "swiss"]
[EventRounds "7"]
[EventCountry "DEN"]
[SourceTitle "EXT 2018"]
[Source "ChessBase"]
[SourceDate "2017.10.13"]
[SourceVersion "1"]
[SourceVersionDate "2017.10.13"]
[SourceQuality "1"]

1. c4 b6 2. Nc3 Bb7 3. d4 e6 4. a3 f5 5. Nf3 Nf6 6. g3 Be7 7. Bg2 0-0 8. d5 Ne4 9. Nxe4 fxe4 10. Ne5 exd5 11. cxd5 Rf5 12. Ng4 Rxd5 13. Qb3 Kh8 14. Bxe4 Qg8 15. 0-0 Na6 16. Be3 Nc5 17. Bxc5 Bxc5 18. Bxd5 Bxd5 19. Qc3 Re8 20. b4 Bd6 21. Rad1 Bc4 22. Rd4 Bxe2 23. Re1 Re6 24. Qd2 Qe8 25. Ne3 Bf3 26. Ng2 Bb7 27. Rxe6 dxe6 28. Nh4 h6 29. Qc2 Qf7 30. Ng6+ Kg8 31. Ne5 Qe8 32. f4 Bd5 33. Qg6 Qxg6 34. Nxg6 c5 35. Rd1 cxb4 36. axb4 Bxb4 37. f5 Bc5+ 38. Kf1 Bc4+ 39. Ke1 exf5 40. Nh4 Be6 0-1

[Event "Copenhagen Obro New Year op"]
[Site "Copenhagen"]
[Date "2013.12.28"]
[Round "2"]
[White "Hansen, Mads Smith"]
[Black "Vesterli, Michael"]
[Result "1-0"]
[WhiteElo "2364"]
[BlackElo "2062"]
[PlyCount "85"]
[EventDate "2013.12.27"]
[EventType "swiss"]
[EventRounds "7"]
[EventCountry "DEN"]
[SourceTitle "EXT 2018"]
[Source "ChessBase"]
[SourceDate "2017.10.13"]
[SourceVersion "1"]
[SourceVersionDate "2017.10.13"]
[SourceQuality "1"]

1. Nf3 Nf6 2. g3 g6 3. b3 Bg7 4. Bb2 0-0 5. Bg2 d5 6. c4 c6 7. 0-0 Nbd7 8. d4 Ne4 9. Nbd2 Ndf6 10. Ne5 Bf5 11. Ndf3 Qa5 12. c5 h5 13. Nd3 Qc7 14. Bc1 Qc8 15. Bf4 Bh3 16. Qc1 Kh7 17. Rb1 Bxg2 18. Kxg2 Ne8 19. b4 Nc7 20. Bxc7 Qxc7 21. b5 Rfb8 22. Rb3 a6 23. bxc6 bxc6 24. Qf4 Qxf4 25. gxf4 Rxb3 26. axb3 Rb8 27. b4 Nc3 28. e3 Na2 29. Ra1 Nxb4 30. Nxb4 Rxb4 31. Rxa6 Bf6 32. Rxc6 Kg7 33. Rb6 Rc4 34. Rb1 e6 35. Rb7 Rc2 36. Ng5 Bxg5 37. fxg5 Kf8 38. Kf3 Ke8 39. h3 Ra2 40. Kf4 Rxf2+ 41. Ke5 Kd8 42. Kd6 Kc8 43. c6 1-0